| 000 | 00718nam a22002177a 4500 | ||
|---|---|---|---|
| 005 | 20250912145359.0 | ||
| 010 | _aENG-146844 | ||
| 020 |
_a9788178246956 _c1095.00 |
||
| 035 | _aEN-130376 | ||
| 037 | _bDBAD | ||
| 082 | _a954.32 | ||
| 100 |
_aVenkateswaran, Mrinalini _985035 |
||
| 245 |
_aCompelled to Collect _bMuseums and the race for india's national past/ _cMrinalini Venkateswaran |
||
| 260 |
_aRanikhet _bParmanant black |
||
| 270 |
_a'Himalayana' Mall Road, Ranikhet cantt _bRanikhet _e263645 |
||
| 300 |
_a280p. _c23(hb) |
||
| 490 | _aHedgehog and Fox, History and Politics Series | ||
| 700 |
_aMukherjee, Rudrangshu _eEditor _985036 |
||
| 760 | _b1 | ||
| 942 |
_2ddc _cEN _h954.32 _mVEN |
||
| 999 |
_c213425 _d213425 |
||